| 000 | 00479nab a2200145Ia 4500 | ||
|---|---|---|---|
| 003 | ES-SlBCS | ||
| 005 | 20210601134031.0 | ||
| 008 | 140529s2005 xxu||||| |||| 00| 0 por d | ||
| 041 | _apor | ||
| 100 | 1 |
_aGhiraldelli, Paulo Jr _9208955 |
|
| 245 | 0 | 0 |
_aNeopragmatismo e Verdade: Rorty em conversaçao com Habermas _c Paulo Jr Ghiraldelli |
| 600 | 1 | 4 |
_aRorty-Habermas _9212680 |
| 773 | 0 |
_tUtopía y Praxis Latinoamericana _gvol. 10, nº. 29, 2005, págs. 67-78 _wRev809 |
|
| 942 | _cAR | ||
| 999 |
_c605992 _d605992 |
||